[Event "GER-ch Seniors 65 31st"]
[Site "Radebeul"]
[Date "2019.05.04"]
[Round "9"]
[White "Meier, Wolfgang"]
[Black "Fleischer, Matthias"]
[Result "1-0"]
[WhiteElo "2092"]
[BlackElo "1923"]
[PlyCount "101"]
[EventDate "2019.04.26"]
[EventType "swiss"]
[EventRounds "9"]
[EventCountry "GER"]
[SourceTitle "CBM 190 Extra"]
[Source "ChessBase"]
[SourceDate "2019.07.15"]
[SourceVersion "1"]
[SourceVersionDate "2019.07.15"]
[SourceQuality "1"]

1. d4 e6 2. c4 d5 3. Nf3 c6 4. b3 Nf6 5. Nbd2 Bb4 6. Qc2 Qa5 7. e3 Ne4 8. Bd3 f5 9. 0-0 Nxd2 10. Nxd2 Nd7 11. a3 Bd6 12. c5 Be7 13. f4 Bf6 14. Nf3 Nf8 15. Bd2 Qd8 16. b4 a6 17. a4 Bd7 18. Qb3 Ng6 19. Be1 0-0 20. Kh1 Kh8 21. Rg1 Nh4 22. Bxh4 Bxh4 23. g3 Bf6 24. Be2 g6 25. h3 g5 26. Rg2 Qe7 27. Rf1 Rab8 28. Qc2 b5 29. axb5 axb5 30. Ra1 Ra8 31. Rgg1 Qg7 32. Ra2 Qh6 33. Bf1 g4 34. Ne5 Bxe5 35. dxe5 gxh3 36. Kh2 Qh5 37. Be2 Qh6 38. Rga1 Rxa2 39. Rxa2 Kg7 40. Ra7 Rf7 41. Qa2 Kg6 42. Rc7 Qg7 43. Qa8 h5 44. Qd8 Re7 45. Kxh3 Kh6 46. Ra7 Kh7 47. Bxh5 Kh6 48. Bf3 Kh7 49. Kg2 Kh6 50. Rxd7 Rxd7 51. Qh4+ 1-0

[Event "GER-ch Seniors 65 31st"]
[Site "Radebeul"]
[Date "2019.04.29"]
[Round "4"]
[White "Just, Gabriele"]
[Black "Meier, Wolfgang"]
[Result "1/2-1/2"]
[WhiteElo "1855"]
[BlackElo "2092"]
[PlyCount "70"]
[EventDate "2019.04.26"]
[EventType "swiss"]
[EventRounds "9"]
[EventCountry "GER"]
[SourceTitle "CBM 190 Extra"]
[Source "ChessBase"]
[SourceDate "2019.07.15"]
[SourceVersion "1"]
[SourceVersionDate "2019.07.15"]
[SourceQuality "1"]

1. d4 Nf6 2. Nf3 d5 3. Bg5 c6 4. Nbd2 Nbd7 5. e3 h6 6. Bxf6 Nxf6 7. Bd3 Bg4 8. c3 e6 9. Qb3 Qb6 10. Ne5 Bf5 11. Bxf5 exf5 12. f3 Bd6 13. Nd3 0-0 14. 0-0 Rfe8 15. Rfe1 Re7 16. c4 Qc7 17. Nf1 dxc4 18. Qxc4 Rae8 19. Nf2 Qb6 20. Re2 Bb8 21. Qd3 g6 22. Rae1 a6 23. Kh1 Ba7 24. Qa3 c5 25. dxc5 Qxc5 26. Qxc5 Bxc5 27. a3 Nd5 28. Nd1 Bb6 29. g3 Ba5 30. b4 Bb6 31. Kg2 g5 32. e4 g4 33. fxg4 fxe4 34. Nfe3 Nxe3+ 35. Nxe3 Bxe3 1/2-1/2

[Event "Sachsen-ch Seniors op 25th"]
[Site "Dresden"]
[Date "2017.10.11"]
[Round "7"]
[White "Schneider, Alexander"]
[Black "Meier, Wolfgang"]
[Result "1/2-1/2"]
[WhiteElo "2045"]
[BlackElo "2109"]
[PlyCount "32"]
[EventDate "2017.10.05"]
[EventType "swiss"]
[EventRounds "9"]
[EventCountry "GER"]
[SourceTitle "EXT 2019"]
[Source "ChessBase"]
[SourceDate "2018.10.10"]
[SourceVersion "1"]
[SourceVersionDate "2018.10.10"]
[SourceQuality "1"]

1. Nf3 d5 2. d4 Nf6 3. Bf4 c6 4. Nbd2 Bf5 5. e3 h6 6. h3 e6 7. c4 Bd6 8. Bxd6 Qxd6 9. Qb3 b6 10. Bd3 Bxd3 11. Qxd3 Nbd7 12. 0-0 0-0 13. a3 Rfd8 14. b4 c5 15. cxd5 Qxd5 16. bxc5 Nxc5 1/2-1/2

[Event "Sachsen-Anhalt-ch Seniors 24th"]
[Site "Halberstadt"]
[Date "2016.06.04"]
[Round "7"]
[White "Bohnstorff, Michael"]
[Black "Meier, Wolfgang"]
[Result "1/2-1/2"]
[WhiteElo "2020"]
[BlackElo "2134"]
[PlyCount "33"]
[EventDate "2016.05.29"]
[EventType "swiss"]
[EventRounds "7"]
[EventCountry "GER"]
[SourceTitle "EXT 2019"]
[Source "ChessBase"]
[SourceDate "2018.10.10"]
[SourceVersion "1"]
[SourceVersionDate "2018.10.10"]
[SourceQuality "1"]

1. d4 Nf6 2. Nf3 g6 3. c3 Bg7 4. Nbd2 d5 5. e3 c6 6. Be2 Bg4 7. Qb3 Qb6 8. c4 Nbd7 9. h3 Bxf3 10. Nxf3 Qxb3 11. axb3 0-0 12. Bd2 Rfe8 13. Bc3 a6 14. Bd3 h6 15. 0-0 Rac8 16. c5 Nh7 17. b4 1/2-1/2

[Event "Sachsen-Anhalt-ch Seniors 24th"]
[Site "Halberstadt"]
[Date "2016.06.03"]
[Round "6"]
[White "Meier, Wolfgang"]
[Black "Pfitzer, Norbert"]
[Result "1-0"]
[WhiteElo "2134"]
[BlackElo "2054"]
[PlyCount "63"]
[EventDate "2016.05.29"]
[EventType "swiss"]
[EventRounds "7"]
[EventCountry "GER"]
[SourceTitle "EXT 2019"]
[Source "ChessBase"]
[SourceDate "2018.10.10"]
[SourceVersion "1"]
[SourceVersionDate "2018.10.10"]
[SourceQuality "1"]

1. c4 g6 2. Nc3 Bg7 3. d4 Nf6 4. Nf3 d6 5. Bg5 h6 6. Bh4 g5 7. Bg3 Nh5 8. e3 Bf5 9. Nd2 Bg6 10. Be2 Nxg3 11. hxg3 Nd7 12. Rc1 c6 13. Nf3 Qa5 14. Bd3 Bxd3 15. Qxd3 c5 16. 0-0 cxd4 17. exd4 0-0 18. Rfe1 e6 19. b4 Qxb4 20. Rb1 Qa3 21. Rxb7 Nb6 22. Rxe6 Rae8 23. Rxe8 Rxe8 24. Qf5 Rf8 25. Ne4 Qc1+ 26. Kh2 Qxc4 27. Nfxg5 hxg5 28. Nxg5 Rc8 29. Rxf7 Qc2 30. Qe6 Qc4 31. Qg6 Qxf7 32. Qxf7+ 1-0

[Event "Sachsen-Anhalt-ch Seniors 24th"]
[Site "Halberstadt"]
[Date "2016.05.29"]
[Round "1"]
[White "Micheel, Peter"]
[Black "Meier, Wolfgang"]
[Result "0-1"]
[WhiteElo "1868"]
[BlackElo "2134"]
[PlyCount "104"]
[EventDate "2016.05.29"]
[EventType "swiss"]
[EventRounds "7"]
[EventCountry "GER"]
[SourceTitle "EXT 2019"]
[Source "ChessBase"]
[SourceDate "2018.10.10"]
[SourceVersion "1"]
[SourceVersionDate "2018.10.10"]
[SourceQuality "1"]

1. e4 c5 2. c3 Nf6 3. e5 Nd5 4. Bc4 Nb6 5. Bb3 c4 6. Bc2 d5 7. d4 cxd3 8. Qxd3 Nc6 9. Nf3 g6 10. 0-0 Bg7 11. Re1 0-0 12. Bf4 Bg4 13. Na3 a6 14. h3 Bxf3 15. Qxf3 e6 16. Re2 Qc7 17. Qg3 Rad8 18. Rae1 Rd7 19. Qh2 Rc8 20. g4 d4 21. Be4 dxc3 22. Bxc6 Qxc6 23. b3 Rd3 24. Nc2 Nd5 25. Bc1 a5 26. h4 Nb4 27. h5 Nxc2 28. Rxc2 Qf3 29. Qg2 Qxg2+ 30. Kxg2 b5 31. h6 Bf8 32. a3 b4 33. a4 Bc5 34. Re4 Bb6 35. Kf1 Rd4 36. Rxd4 Bxd4 37. f4 f6 38. exf6 Bxf6 39. Ke2 Rd8 40. Be3 Rd5 41. g5 Bd4 42. Bc1 Bb6 43. Kf3 Kf7 44. Ke4 Ke7 45. Kf3 Kd6 46. Ke4 Rd1 47. Kf3 Kd5 48. Ke2 Rh1 49. Kf3 Rh3+ 50. Kg2 Rd3 51. Kf1 Be3 52. Ke2 Ke4 0-1

[Event "MVP-ch Seniors op 15th"]
[Site "Binz"]
[Date "2015.12.01"]
[Round "9.20"]
[White "Meier, Wolfgang"]
[Black "Hoehm, Walter"]
[Result "1-0"]
[WhiteElo "1938"]
[BlackElo "1844"]
[PlyCount "111"]
[EventDate "2015.11.24"]
[EventType "swiss"]
[EventRounds "9"]
[EventCountry "GER"]
[SourceTitle "EXT 2017"]
[Source "ChessBase"]
[SourceDate "2016.10.25"]
[SourceVersion "1"]
[SourceVersionDate "2016.10.25"]
[SourceQuality "1"]

1. d4 d5 2. c4 e6 3. Nf3 c6 4. e3 Nf6 5. Nc3 Bd6 6. Bd3 dxc4 7. Bxc4 Nbd7 8. e4 Be7 9. e5 Nd5 10. 0-0 0-0 11. Qe2 Nxc3 12. bxc3 Re8 13. Rd1 Nf8 14. a4 b6 15. Be3 Bb7 16. Bd3 Qc7 17. Ng5 f5 18. exf6 Bxf6 19. Ne4 Rad8 20. Qg4 Kh8 21. Bg5 Qe7 22. Nxf6 gxf6 23. Bh4 Nd7 24. Qf3 Rc8 25. Re1 Rc7 26. Qf4 Rcc8 27. Re3 Rf8 28. Rae1 e5 29. Qf5 c5 30. dxe5 Nxe5 31. Rxe5 Qg7 32. R5e4 Bxe4 33. Bxe4 Rce8 34. f3 Re5 35. Qf4 f5 36. Bg3 Ree8 37. Bc6 Rxe1+ 38. Bxe1 Qf6 39. Bb5 Qe6 40. Bg3 Rd8 41. Qe5+ Qxe5 42. Bxe5+ Kg8 43. Bc4+ Kf8 44. Kf2 Ke7 45. Ke2 Rd7 46. g4 fxg4 47. fxg4 Kf8 48. Kf3 Rd1 49. h4 Ra1 50. Bb5 a6 51. Bxa6 Rxa4 52. Bb5 Ra7 53. g5 Ke7 54. h5 Ra5 55. Bd3 c4 56. Bf6+ 1-0

[Event "MVP-ch Seniors op 15th"]
[Site "Binz"]
[Date "2015.12.01"]
[Round "8.17"]
[White "Nauschuetz, Ernst"]
[Black "Meier, Wolfgang"]
[Result "1/2-1/2"]
[WhiteElo "1841"]
[BlackElo "1938"]
[PlyCount "128"]
[EventDate "2015.11.24"]
[EventType "swiss"]
[EventRounds "9"]
[EventCountry "GER"]
[SourceTitle "EXT 2017"]
[Source "ChessBase"]
[SourceDate "2016.10.25"]
[SourceVersion "1"]
[SourceVersionDate "2016.10.25"]
[SourceQuality "1"]

1. c4 Nf6 2. g3 c6 3. Nf3 d5 4. Bg2 g6 5. b3 Bg7 6. Bb2 0-0 7. 0-0 Re8 8. d4 Be6 9. Ng5 Bf5 10. Nc3 h6 11. Nf3 Qd7 12. Re1 Ne4 13. Ne5 Nxc3 14. Bxc3 Bxe5 15. dxe5 dxc4 16. bxc4 Qxd1 17. Rexd1 Na6 18. e4 Be6 19. Bf1 Red8 20. f3 c5 21. a3 h5 22. Kf2 Nc7 23. Ke3 Bd7 24. Rab1 b6 25. Rd2 Ba4 26. Rbb2 Kf8 27. f4 Rd7 28. h3 Rad8 29. Rxd7 Rxd7 30. g4 Bd1 31. gxh5 Bxh5 32. Rd2 Rxd2 33. Bxd2 Bd1 34. Bd3 e6 35. f5 Na6 36. Kf4 Kg7 37. Kg5 Nb8 38. h4 Nc6 39. Bc3 a6 40. fxe6 fxe6 41. Bf1 Kf7 42. Kf4 Ba4 43. Be1 Nd4 44. Bc3 Nc6 45. Be1 b5 46. cxb5 Bxb5 47. Bh3 Nd4 48. Bd2 Nc2 49. Bc1 c4 50. Bg4 c3 51. h5 gxh5 52. Bxh5+ Ke7 53. Bd1 Nd4 54. Ke3 Nc6 55. Bc2 a5 56. a4 Bc4 57. Ba3+ Kd7 58. Bd3 Bb3 59. Bb5 Kc7 60. Kd3 Nxe5+ 61. Kxc3 Bd1 62. Kd4 Nd7 63. e5 Nb6 64. Bd6+ Kb7 1/2-1/2

[Event "MVP-ch Seniors op 15th"]
[Site "Binz"]
[Date "2015.11.29"]
[Round "6.16"]
[White "Gerhardt, Peter Michael"]
[Black "Meier, Wolfgang"]
[Result "1/2-1/2"]
[WhiteElo "1766"]
[BlackElo "1938"]
[PlyCount "20"]
[EventDate "2015.11.24"]
[EventType "swiss"]
[EventRounds "9"]
[EventCountry "GER"]
[SourceTitle "EXT 2017"]
[Source "ChessBase"]
[SourceDate "2016.10.25"]
[SourceVersion "1"]
[SourceVersionDate "2016.10.25"]
[SourceQuality "1"]

1. d4 d5 2. c4 dxc4 3. Nc3 Nf6 4. e3 c5 5. Bxc4 e6 6. Nf3 Nc6 7. d5 exd5 8. Nxd5 Be7 9. 0-0 0-0 10. Nxe7+ Qxe7 1/2-1/2

[Event "MVP-ch Seniors op 15th"]
[Site "Binz"]
[Date "2015.11.26"]
[Round "3.2"]
[White "Meier, Wolfgang"]
[Black "Rahls, Peter"]
[Result "1/2-1/2"]
[WhiteElo "1938"]
[BlackElo "2121"]
[PlyCount "86"]
[EventDate "2015.11.24"]
[EventType "swiss"]
[EventRounds "9"]
[EventCountry "GER"]
[SourceTitle "EXT 2017"]
[Source "ChessBase"]
[SourceDate "2016.10.25"]
[SourceVersion "1"]
[SourceVersionDate "2016.10.25"]
[SourceQuality "1"]

1. d4 d5 2. Nf3 Nf6 3. c4 c6 4. e3 a6 5. Nc3 b5 6. cxd5 cxd5 7. Bd3 Bb7 8. 0-0 Nbd7 9. Bd2 e6 10. Rc1 Bd6 11. Ne2 0-0 12. Bb1 Ne4 13. Nf4 Qe7 14. Nd3 f6 15. b4 Rac8 16. Nc5 Nb6 17. Bc3 Nc4 18. Nd2 Nxc3 19. Rxc3 e5 20. Bf5 Bxc5 21. bxc5 Rce8 22. Nb3 g6 23. Bd3 Qc7 24. Rc1 Bc6 25. Qc2 Kg7 26. Qc3 Ra8 27. Rfe1 a5 28. Qc2 Rf7 29. g3 Re8 30. Rcd1 Rfe7 31. Qc1 a4 32. Nd2 Qa5 33. Rf1 Qb4 34. Nb1 exd4 35. exd4 Nb2 36. Rd2 Nxd3 37. Rxd3 Re1 38. Rd1 R1e4 39. Qc3 Qc4 40. Qxc4 bxc4 41. Nc3 R4e7 42. Rb1 Rd8 43. Rb6 Rc7 1/2-1/2

[Event "Sachsen-Anhalt-ch Seniors 23rd"]
[Site "Halberstadt"]
[Date "2015.06.05"]
[Round "6"]
[White "Meier, Wolfgang"]
[Black "Kotlar, Alfred"]
[Result "1-0"]
[WhiteElo "1955"]
[BlackElo "1886"]
[PlyCount "107"]
[EventDate "2015.05.31"]
[EventType "swiss"]
[EventRounds "7"]
[EventCountry "GER"]
[SourceTitle "EXT 2018"]
[Source "ChessBase"]
[SourceDate "2017.10.13"]
[SourceVersion "1"]
[SourceVersionDate "2017.10.13"]
[SourceQuality "1"]

1. Nf3 g6 2. c4 Bg7 3. Nc3 d6 4. d4 c5 5. Be3 Nd7 6. Rc1 b6 7. d5 Ngf6 8. h3 0-0 9. Qd2 Ne8 10. Bh6 f6 11. Bxg7 Kxg7 12. e3 Ne5 13. Be2 Rb8 14. 0-0 Ba6 15. b3 Nc7 16. a4 Bc8 17. Nh2 f5 18. f4 Nd7 19. g4 Nf6 20. g5 Ne4 21. Nxe4 fxe4 22. Qc3+ Kf7 23. Ng4 Bxg4 24. Bxg4 e6 25. dxe6+ Nxe6 26. Rcd1 Qe7 27. Qd2 Rbd8 28. Qd5 Rfe8 29. Qxe4 Nc7 30. Qxe7+ Rxe7 31. Kf2 d5 32. cxd5 Rxd5 33. Bf3 Rdd7 34. Bc6 Rxd1 35. Rxd1 Na6 36. Kf3 Nb4 37. Bb5 Nc2 38. Bc4+ Ke8 39. e4 Nd4+ 40. Ke3 Nf5+ 41. Kd3 Nd4 42. Bd5 Rd7 43. Kc4 Ke7 44. h4 a6 45. h5 Kd6 46. hxg6 hxg6 47. Rxd4 cxd4 48. Kxd4 Rg7 49. e5+ Kc7 50. Ke4 Kd8 51. f5 gxf5+ 52. Kxf5 Ke8 53. g6 Kf8 54. Bf7 1-0

[Event "Sachsen-Anhalt-ch Seniors 23rd"]
[Site "Halberstadt"]
[Date "2015.06.04"]
[Round "5"]
[White "Baerthel, Klaus"]
[Black "Meier, Wolfgang"]
[Result "1/2-1/2"]
[WhiteElo "1842"]
[BlackElo "1955"]
[PlyCount "56"]
[EventDate "2015.05.31"]
[EventType "swiss"]
[EventRounds "7"]
[EventCountry "GER"]
[SourceTitle "EXT 2018"]
[Source "ChessBase"]
[SourceDate "2017.10.13"]
[SourceVersion "1"]
[SourceVersionDate "2017.10.13"]
[SourceQuality "1"]

1. e4 c5 2. Nf3 d6 3. d4 cxd4 4. Nxd4 Nf6 5. Nc3 a6 6. Be2 e5 7. Nb3 Be6 8. Bg5 Nbd7 9. 0-0 Qc7 10. Kh1 h6 11. Be3 Nb6 12. Bxb6 Qxb6 13. Nd5 Qd8 14. Qd3 Nxd5 15. exd5 Bd7 16. f4 e4 17. Qxe4+ Be7 18. Bd3 Kf8 19. Rae1 Bf6 20. Qb4 Qc7 21. Na5 b5 22. Nc6 Re8 23. c4 bxc4 24. Rxe8+ Bxe8 25. Bxc4 g6 26. Ne5 Kg7 27. Ng4 a5 28. Qb3 Bd4 1/2-1/2

[Event "Sachsen-Anhalt-ch Seniors 23rd"]
[Site "Halberstadt"]
[Date "2015.06.01"]
[Round "2"]
[White "Meier, Wolfgang"]
[Black "Rudolph, Dieter"]
[Result "1/2-1/2"]
[WhiteElo "1955"]
[BlackElo "1679"]
[PlyCount "148"]
[EventDate "2015.05.31"]
[EventType "swiss"]
[EventRounds "7"]
[EventCountry "GER"]
[SourceTitle "EXT 2018"]
[Source "ChessBase"]
[SourceDate "2017.10.13"]
[SourceVersion "1"]
[SourceVersionDate "2017.10.13"]
[SourceQuality "1"]

1. c4 e5 2. g3 Nc6 3. Bg2 Nf6 4. Nc3 Bc5 5. d3 0-0 6. e3 Re8 7. Nge2 a6 8. 0-0 Rb8 9. a3 a5 10. d4 exd4 11. exd4 Bf8 12. h3 b6 13. Be3 Bb7 14. Rc1 h6 15. Qd2 Ne7 16. d5 d6 17. Nd4 Qd7 18. Kh2 Bc8 19. Rce1 Bb7 20. Re2 Kh7 21. Rfe1 g6 22. f4 Nf5 23. Bf2 Rxe2 24. Rxe2 Re8 25. g4 Rxe2 26. Ncxe2 Ne7 27. Nc3 Bg7 28. Qe3 Nfg8 29. Be4 Nf6 30. Bd3 Bc8 31. f5 g5 32. Ne6 Kg8 33. Nxg7 Kxg7 34. Qf3 Neg8 35. Bd4 Kf8 36. Kg3 Qe7 37. Qe2 Qxe2 38. Bxe2 Ke7 39. h4 Nh7 40. Ne4 f6 41. h5 Nf8 42. b4 axb4 43. axb4 Nd7 44. Kf2 Ba6 45. Ke3 Ne5 46. Nd2 Kf7 47. Bb2 Ke7 48. Kd4 Kd7 49. Nf1 Ke7 50. Ne3 Nd7 51. Bd1 Ne5 52. Bc3 Nd7 53. Be1 Ne5 54. Bg3 Kf7 55. Be2 Ke7 56. Kc3 Kf7 57. Nc2 Ke7 58. Nd4 Kd7 59. Ne6 Kc8 60. Nd4 Kd7 61. Nc6 Bb7 62. Na7 Ba6 63. Kd4 Ke8 64. Nc6 Bb7 65. b5 Kd7 66. Nb4 Bc8 67. Ke4 Bb7 68. Nc2 Ke7 69. Ne3 Kd7 70. Nd1 Ke8 71. Nf2 Kd7 72. Ke3 Ke7 73. Ne4 Bc8 74. Bxe5 fxe5 1/2-1/2

[Event "MVP-ch Seniors op 14th"]
[Site "Binz"]
[Date "2014.12.03"]
[Round "9"]
[White "Neese, Hans Joachim"]
[Black "Meier, Wolfgang"]
[Result "1/2-1/2"]
[WhiteElo "2088"]
[BlackElo "1956"]
[PlyCount "70"]
[EventDate "2014.11.25"]
[EventType "swiss"]
[EventRounds "9"]
[EventCountry "GER"]
[SourceTitle "EXT 2016"]
[Source "ChessBase"]
[SourceDate "2015.10.08"]
[SourceVersion "1"]
[SourceVersionDate "2015.10.08"]
[SourceQuality "1"]

1. d4 Nf6 2. Nf3 g6 3. g3 Bg7 4. Bg2 d5 5. c4 c6 6. Nc3 0-0 7. 0-0 Ne4 8. Qb3 dxc4 9. Qxc4 Nd6 10. Qd3 Be6 11. b3 Na6 12. Ng5 Bd7 13. Bb2 h6 14. Nf3 Nb4 15. Qd2 Nd5 16. Ne5 Nxc3 17. Qxc3 Be6 18. Rfe1 Qb6 19. Rad1 Rac8 20. Qc5 Qxc5 21. dxc5 Ne8 22. Rd2 Nc7 23. f4 Na6 24. Ba3 Rfd8 25. Red1 Rxd2 26. Rxd2 Bxe5 27. fxe5 Kf8 28. Kf2 Ke8 29. Ke3 Rd8 30. Rxd8+ Kxd8 31. Kd4 Nc7 32. Bc1 h5 33. e4 Kd7 34. Bf1 Bg4 35. b4 Be6 1/2-1/2

[Event "MVP-ch Seniors op 14th"]
[Site "Binz"]
[Date "2014.12.01"]
[Round "7"]
[White "Kothe, Manfred"]
[Black "Meier, Wolfgang"]
[Result "1/2-1/2"]
[WhiteElo "1821"]
[BlackElo "1956"]
[PlyCount "27"]
[EventDate "2014.11.25"]
[EventType "swiss"]
[EventRounds "9"]
[EventCountry "GER"]
[SourceTitle "EXT 2016"]
[Source "ChessBase"]
[SourceDate "2015.10.08"]
[SourceVersion "1"]
[SourceVersionDate "2015.10.08"]
[SourceQuality "1"]

1. e4 c5 2. Nc3 Nc6 3. Bb5 e6 4. Nge2 Nge7 5. 0-0 a6 6. Bxc6 Nxc6 7. d4 cxd4 8. Nxd4 d6 9. Be3 Bd7 10. Qd2 Be7 11. Rad1 0-0 12. Nce2 Qc7 13. Rc1 Rfd8 14. c4 1/2-1/2

[Event "MVP-ch Seniors op 14th"]
[Site "Binz"]
[Date "2014.11.27"]
[Round "3"]
[White "Worm, Alfred"]
[Black "Meier, Wolfgang"]
[Result "0-1"]
[WhiteElo "1658"]
[BlackElo "1956"]
[PlyCount "100"]
[EventDate "2014.11.25"]
[EventType "swiss"]
[EventRounds "9"]
[EventCountry "GER"]
[SourceTitle "EXT 2016"]
[Source "ChessBase"]
[SourceDate "2015.10.08"]
[SourceVersion "1"]
[SourceVersionDate "2015.10.08"]
[SourceQuality "1"]

1. e4 c5 2. Nf3 d6 3. c3 Nf6 4. Be2 Nc6 5. d4 cxd4 6. cxd4 d5 7. e5 Ne4 8. 0-0 e6 9. Nc3 Nxc3 10. bxc3 Be7 11. c4 0-0 12. Be3 dxc4 13. Bxc4 Nb4 14. Qb3 Nd5 15. Nd2 b6 16. Bxd5 exd5 17. f4 g6 18. Nf3 Bf5 19. Rac1 Qd7 20. h3 h5 21. Rc3 Rfc8 22. Rfc1 Rxc3 23. Qxc3 Rc8 24. Qb3 Rxc1+ 25. Bxc1 Be6 26. Ba3 Bxa3 27. Qxa3 a5 28. Kh2 Qc7 29. Qb3 Kf8 30. Qb5 Ke7 31. Kg3 Qb7 32. Qa4 Qd7 33. Qa3+ Kd8 34. Ng5 Kc7 35. Nh7 Kb7 36. Nf6 Qc6 37. Qe7+ Qc7 38. Qxc7+ Kxc7 39. Ne8+ Kc6 40. Kf3 b5 41. Ke3 b4 42. Kd2 Bf5 43. Nd6 Bb1 44. Kc1 Bxa2 45. Kb2 Bc4 46. Nxf7 a4 47. g4 hxg4 48. hxg4 a3+ 49. Ka1 b3 50. e6 b2+ 0-1

[Event "Nittenau-ch 14th"]
[Site "Nittenau"]
[Date "2014.09.07"]
[Round "4"]
[White "Brettschneider, Karl"]
[Black "Meier, Wolfgang"]
[Result "1-0"]
[WhiteElo "1923"]
[BlackElo "1455"]
[PlyCount "123"]
[EventDate "2014.09.05"]
[EventType "swiss"]
[EventRounds "5"]
[EventCountry "GER"]
[SourceTitle "CBM 162 Extra"]
[Source "ChessBase"]
[SourceDate "2014.10.17"]
[SourceVersion "1"]
[SourceVersionDate "2014.10.17"]
[SourceQuality "1"]

1. c4 e6 2. Nc3 d5 3. cxd5 exd5 4. d4 Nf6 5. g3 Bf5 6. Bg2 c6 7. Nf3 Bd6 8. 0-0 0-0 9. Re1 Re8 10. Nh4 Qd7 11. Bg5 Be7 12. Qd2 Bh3 13. f3 Bxg2 14. Nxg2 Qd6 15. Bf4 Qb4 16. e4 dxe4 17. Nxe4 Nd5 18. Nd6 Qxd2 19. Bxd2 Rd8 20. Nxb7 Rd7 21. Nc5 Bxc5 22. dxc5 Na6 23. Rac1 Ndb4 24. Bxb4 Nxb4 25. a3 Nd5 26. Red1 Rad8 27. Rc2 Ne7 28. Rxd7 Rxd7 29. Kf2 f6 30. Ne3 Rd3 31. Ke2 Rb3 32. Rd2 Kf7 33. f4 Ng6 34. Rd7+ Ne7 35. Nc4 Ke6 36. Rxa7 h5 37. Rc7 g6 38. Kd2 Rf3 39. a4 Rf2+ 40. Kd3 Rf3+ 41. Ke4 Rb3 42. Na5 Rb4+ 43. Kd3 Rxa4 44. Nxc6 Nxc6 45. Rxc6+ Ke7 46. Rb6 Ra5 47. Kd4 Ra8 48. Kd5 Rd8+ 49. Rd6 Rb8 50. Re6+ Kf7 51. Re2 Rb5 52. Kd6 Rb3 53. c6 Rd3+ 54. Kc7 g5 55. fxg5 fxg5 56. b4 Rb3 57. Re4 Rb2 58. Kb6 Rxh2 59. c7 Rc2 60. Kb7 h4 61. gxh4 gxh4 62. Rxh4 1-0

[Event "Sachsen-Anhalt-ch Seniors 22nd"]
[Site "Halberstadt"]
[Date "2014.05.30"]
[Round "6"]
[White "Meier, Wolfgang"]
[Black "Stanke, Achim"]
[Result "0-1"]
[WhiteElo "1994"]
[BlackElo "1965"]
[PlyCount "114"]
[EventDate "2014.05.25"]
[EventType "swiss"]
[EventRounds "7"]
[EventCountry "GER"]
[SourceTitle "EXT 2018"]
[Source "ChessBase"]
[SourceDate "2017.10.13"]
[SourceVersion "1"]
[SourceVersionDate "2017.10.13"]
[SourceQuality "1"]

1. d4 g6 2. e4 c6 3. Nf3 Bg7 4. Be3 d5 5. e5 Nh6 6. Nc3 f6 7. Bxh6 Bxh6 8. Bd3 Nd7 9. exf6 exf6 10. 0-0 0-0 11. Re1 Re8 12. Rxe8+ Qxe8 13. Qe2 Qxe2 14. Nxe2 Nf8 15. h3 Be6 16. Kf1 a5 17. a4 Nd7 18. c3 Nb6 19. Ke1 Re8 20. Kd1 Nc8 21. b3 Nd6 22. Rb1 Bc8 23. Nd2 f5 24. c4 Ne4 25. Bxe4 dxe4 26. b4 axb4 27. Rxb4 e3 28. fxe3 Rxe3 29. Rb3 Rxb3 30. Nxb3 Be6 31. Nc5 Bxc4 32. Nxb7 Bb3+ 33. Ke1 Bxa4 34. Nc3 Bb3 35. Na5 Bd5 36. Nxd5 cxd5 37. Ke2 Kf7 38. Nc6 Bf4 39. Nb4 Ke6 40. Nd3 Bd6 41. Ke3 g5 42. Ne1 h5 43. Nd3 f4+ 44. Ke2 Kf5 45. Nf2 g4 46. hxg4+ hxg4 47. Kd3 Bb4 48. Nd1 Be1 49. Ke2 Ba5 50. Kd3 Kg5 51. Ke2 Kh4 52. Nb2 Kg3 53. Nd3 Bc3 54. Kf1 Bxd4 55. Nb4 f3 56. gxf3 Kxf3 57. Nd3 Bc3 0-1

[Event "Sachsen-Anhalt-ch Seniors 22nd"]
[Site "Halberstadt"]
[Date "2014.05.27"]
[Round "3"]
[White "Geisensetter, Franz"]
[Black "Meier, Wolfgang"]
[Result "1/2-1/2"]
[WhiteElo "1922"]
[BlackElo "1994"]
[PlyCount "45"]
[EventDate "2014.05.25"]
[EventType "swiss"]
[EventRounds "7"]
[EventCountry "GER"]
[SourceTitle "EXT 2018"]
[Source "ChessBase"]
[SourceDate "2017.10.13"]
[SourceVersion "1"]
[SourceVersionDate "2017.10.13"]
[SourceQuality "1"]

1. e4 c5 2. Nf3 d6 3. Bb5+ Bd7 4. Bxd7+ Qxd7 5. c3 Nf6 6. Qe2 Nc6 7. d4 e5 8. d5 Ne7 9. Na3 Ng6 10. 0-0 Be7 11. Ng5 h6 12. Nh3 a6 13. Nc4 Bd8 14. a4 Bc7 15. f3 0-0 16. Ne3 Ne7 17. c4 b5 18. axb5 axb5 19. Rxa8 Rxa8 20. cxb5 Rb8 21. Bd2 Qxb5 22. Qxb5 Rxb5 23. Nc4 1/2-1/2

[Event "MVP-ch Seniors op 13th"]
[Site "Binz"]
[Date "2013.12.03"]
[Round "7"]
[White "Hanisch, Friedrich"]
[Black "Meier, Wolfgang"]
[Result "1/2-1/2"]
[WhiteElo "1987"]
[BlackElo "2019"]
[PlyCount "89"]
[EventDate "2013.11.27"]
[EventType "swiss"]
[EventRounds "9"]
[EventCountry "GER"]
[SourceTitle "EXT 2015"]
[Source "ChessBase"]
[SourceDate "2014.11.20"]
[SourceVersion "1"]
[SourceVersionDate "2014.11.20"]
[SourceQuality "1"]

1. d4 d5 2. c4 c6 3. Nc3 Nf6 4. e3 e6 5. Nf3 Bd6 6. Bd3 Nbd7 7. 0-0 0-0 8. e4 dxe4 9. Nxe4 Nxe4 10. Bxe4 Nf6 11. Bc2 h6 12. Qe2 Qc7 13. c5 Bf4 14. Ne5 Bxc1 15. Raxc1 Rd8 16. Rfd1 Bd7 17. h3 Be8 18. Qf3 Qe7 19. Nc4 Rab8 20. b4 Nd5 21. a3 Qg5 22. Qg3 Qxg3 23. fxg3 Nc7 24. Kf2 Nb5 25. Ke3 f6 26. Be4 Kf8 27. a4 Nc7 28. Nd6 Nd5+ 29. Bxd5 exd5 30. Rd2 Rd7 31. Rb2 a6 32. g4 Bg6 33. b5 axb5 34. axb5 Ra8 35. bxc6 bxc6 36. Rc3 Re7+ 37. Kf2 Be8 38. Rcb3 Rd7 39. Rb8 Rd8 40. Rxd8 Rxd8 41. Rb6 Bd7 42. Rb7 g6 43. Rb6 Ke7 44. Rb2 Ra8 45. Re2+ 1/2-1/2

[Event "MVP-ch Seniors op 13th"]
[Site "Binz"]
[Date "2013.12.01"]
[Round "5"]
[White "Wiemer, Juergen"]
[Black "Meier, Wolfgang"]
[Result "1/2-1/2"]
[WhiteElo "1874"]
[BlackElo "2019"]
[PlyCount "81"]
[EventDate "2013.11.27"]
[EventType "swiss"]
[EventRounds "9"]
[EventCountry "GER"]
[SourceTitle "EXT 2015"]
[Source "ChessBase"]
[SourceDate "2014.11.20"]
[SourceVersion "1"]
[SourceVersionDate "2014.11.20"]
[SourceQuality "1"]

1. e4 c5 2. c3 Qa5 3. Nf3 e6 4. d4 cxd4 5. Nxd4 a6 6. Be3 Nf6 7. Bd3 d5 8. e5 Nfd7 9. f4 Nc6 10. Nd2 Nxd4 11. Bxd4 Qc7 12. b4 Nb6 13. Qb3 Bd7 14. a4 Rc8 15. 0-0 g6 16. Qd1 Be7 17. Rf2 Nc4 18. Bxc4 dxc4 19. Ne4 Rg8 20. Bc5 Bc6 21. Nd6+ Bxd6 22. exd6 Qd7 23. a5 Be4 24. Qd4 f5 25. Re1 Kf7 26. Qe5 Rcf8 27. h4 h6 28. g4 Ke8 29. Rd2 Kd8 30. Rd4 Bd5 31. Rxd5 exd5 32. Qe7+ Kc8 33. Qxd7+ Kxd7 34. Re7+ Kc6 35. Rc7+ Kb5 36. g5 hxg5 37. hxg5 Rb8 38. Bd4 Rgc8 39. Rg7 Rg8 40. Rc7 Rgc8 41. Rg7 1/2-1/2